| 000 | 02164nam0a2200421 i 4500 | ||
|---|---|---|---|
| 001 | RU\NLR\BIBL_A\011106547 | ||
| 005 | 20260407093022.0 | ||
| 021 |
_aRU _b2016-19919 _91266 |
||
| 029 | 1 | 0 |
_aRU _b31610.15-2014 _cГОСТ |
| 029 | 1 | 0 |
_aRU _b60079-15:2010 _cIEC |
| 035 | _a(NLR Aleph) 011106547 | ||
| 090 |
_a11450585 _c11450585 |
||
| 100 | _a20160422d2016 k y0rusy50 ca | ||
| 101 | 0 | _arus | |
| 102 | _aRU | ||
| 105 | _aa l 000|y | ||
| 200 | 1 |
_aВзрывоопасные среды _hЧ.15 _iОборудование с видом взрывозащиты "n" _dExplosive atmospheres. Part 15. Equipment protection by type of protection "n" _zeng _eГОСТ 31610.15-2014 _eIEC 60079-15:2010 _fподгот. Ех-стандарт (АННО "Ex-стандарт") |
|
| 205 | _aИзд. офиц. | ||
| 210 |
_aМосква _cСтандартинформ _d2016 |
||
| 215 |
_aVI, 62 с. _cил. _d29 |
||
| 225 | 1 |
_aМежгосударственный стандарт _fМежгос. совет по стандартизации, метрологии и сертификации |
|
| 239 | _aВвед. 01.12.2016 | ||
| 320 | _aБиблиогр.: с. 58 (16 назв.) | ||
| 510 | 1 |
_aExplosive atmospheres _zeng |
|
| 510 | 1 |
_aEquipment protection by type of protection "n" _zeng |
|
| 517 | 1 | _aГОСТ 31610.15-2014 | |
| 517 | 1 | _aIEC 60079-15:2010 | |
| 606 |
_aВзрывобезопасное электрооборудование _jСтандарты _91097576 _3RU\NLR\AUTH\66112208 |
||
| 610 | 0 | _aэлектрическое оборудование для работы в особых условиях | |
| 675 | _a621.3.002:5:006.354 | ||
| 686 |
_a29.260 _v2003 _2oks |
||
| 686 | 1 | _aЗ260.22я861 | |
| 712 | 0 | 2 |
_4900 _a"Ех-стандарт", автономная некоммерческая национальная организация _cМосква _9535665 _3RU\NLR\AUTH\880435668 |
| 712 | 0 | 2 |
_4725 _aМежгосударственный совет по стандартизации, метрологии и сертификации _9321571 _3RU\NLR\AUTH\8823529 |
| 942 | _cBOOK | ||
| 980 | _aNBR | ||